Long-term performance of twenty clones of Hevea brasiliensis under large-scale trial in India (Record no. 49010)

MARC details
000 -LEADER
fixed length control field 00528nam a2200193Ia 4500
100 ## - MAIN ENTRY--AUTHOR NAME
Personal name Marattukalam J G
245 #0 - TITLE STATEMENT
Title Long-term performance of twenty clones of Hevea brasiliensis under large-scale trial in India
260 ## - PUBLICATION, DISTRIBUTION, ETC. (IMPRINT)
Name of publisher Natural Rubber Research
Year of publication 2006
300 ## - PHYSICAL DESCRIPTION
Number of Pages 51-57
650 ## - SUBJECT ADDED ENTRY--TOPICAL TERM
Topical Term Clones
650 ## - SUBJECT ADDED ENTRY--TOPICAL TERM
Topical Term Growth
650 ## - SUBJECT ADDED ENTRY--TOPICAL TERM
Topical Term Large-scale trial
650 ## - SUBJECT ADDED ENTRY--TOPICAL TERM
Topical Term Yield
700 ## - ADDED ENTRY--PERSONAL NAME
Personal name Chandrasekhar T R
700 ## - ADDED ENTRY--PERSONAL NAME
Personal name George P J
700 ## - ADDED ENTRY--PERSONAL NAME
Personal name Nazeer M A
942 ## - ADDED ENTRY ELEMENTS (KOHA)
Koha item type Bibliography STAF
Holdings
Withdrawn status Lost status Damaged status Not for loan Home library Current library Shelving location Date acquired Serial Enumeration / chronology Koha item type
      Bibliography RRII Library RRII Library Botany 26/11/2007 Volume 19, Issue 1&2 Bibliography STAF